000
00299nam a22001337a 4500
008
170314b xxu||||| |||| 00| 0 eng d
020
_a
9780321743268
041
_a
eng
080
_2
9TH
_a
611
100
_a
7
101
_a
SHM
245
_a
HUMAN ANATOMY & PHYSIOLOGY
_c
MARIEB, E.N
942
_2
udc
_c
BK
999
_c
7743
_d
7743